Hola!, que me lleva la ola : (Registro nro. 2290)

Detalles MARC
000 -CABECERA
Longitud fija campo de control 00880nam a2200265 a 4500
003 - • IDENTIFICADOR DELl NÚMERO DE CONTROL
Identificador del número de control CO-ViMGA
008 - • CÓDIGOS DE INFORMACIÓN DE LONGITUD FIJA
Códigos de información de longitud fija 141112s2004 ck r 000 u spa d
020 ## - • NÚMERO INTERNACIONAL NORMALIZADO PARA LIBROS
Número Internacional Normalizado para Libros (ISBN) 9789587045277
040 ## - FUENTE DE LA CATALOGACIÓN
Centro catalogador de origen CO-ViMGA
Lengua de catalogación spa
Centro transcriptor CO-ViMGA
041 ## - • CÓDIGO DE LENGUA
Código de lengua del texto/banda sonora o título independiente SPA
245 10 - • TITULO PROPIAMENTE DICHO
Título Hola!, que me lleva la ola :
Resto del título rimas, juegos y versos /
Mención de responsabilidad, etc. selección de Sergio Andricain ; ilustraciones de Ana María Londoño
250 ## - • MENCIÓN DE EDICIÓN
Mención de edición 2a ed., 5a reimpr.
300 ## - • DESCRIPCIÓN FÍSICA
Extensión 87 p. : il. col. : il.
490 ## - • MENCIÓN DE SERIE
Mención de serie Nidos para la lectura : yo empiezo a leer con otros
650 14 - • PUNTO DE ACCESO ADICIONAL DE MATERIA - TÉRMINO DE MATERIA
Término de materia o nombre geográfico como elemento inicial CANCIONES INFANTILES
650 14 - • PUNTO DE ACCESO ADICIONAL DE MATERIA - TÉRMINO DE MATERIA
Término de materia o nombre geográfico como elemento inicial LEER ES MI CUENTO - COLECCION 2011
650 14 - • PUNTO DE ACCESO ADICIONAL DE MATERIA - TÉRMINO DE MATERIA
Término de materia o nombre geográfico como elemento inicial POESIAS INFANTILES
650 14 - • PUNTO DE ACCESO ADICIONAL DE MATERIA - TÉRMINO DE MATERIA
Término de materia o nombre geográfico como elemento inicial RIMAS INFANTILES
700 1# - • PUNTO DE ACCESO ADICIONAL - NOMBRE DE PERSONA
Nombre de persona Andricaín, Sergio
700 1# - • PUNTO DE ACCESO ADICIONAL - NOMBRE DE PERSONA
Nombre de persona Londoño, Ana María
942 ## - ENTRADA DE ELEMENTOS AGREGADOS (KOHA)
Fuente de clasificaión o esquema Dewey Decimal Classification
Koha [por defecto] tipo de item LIbro
Existencias
Perdido Fuente de clasificación o esquema Estado Físico No para préstamo Forma de adquisición Localización permanente Localización actual Localización en estanterías Fecha adquisición Préstamos totales Signatura completa Código de barras Fecha última consulta Número de copia Fecha del precio de reemplazo Tipo de item de Koha Serie de enumeración / cronolog&íacute;a Fecha último préstamo Renovaciones totales Note pública
  Dewey Decimal Classification     Infantil Biblioteca Pública José Eustasio Rivera - San Martin Biblioteca Pública José Eustasio Rivera - San Martin Sala Infantil 06/29/2023   P HOL4 SM00679 06/29/2023 Ej.1 06/29/2023 Libro Infantil        
  Dewey Decimal Classification     Infantil Biblioteca Pública Puerto López - Jorge Eliecer Gaitán Biblioteca Pública Puerto López - Jorge Eliecer Gaitán Sala Infantil 06/04/2025     PLZ01157 06/04/2025 Ej.1 06/04/2025 Libro Infantil        
  Dewey Decimal Classification     Infantil Biblioteca Pública San Carlos de Guaroa - Eduardo Carranza Biblioteca Pública San Carlos de Guaroa - Eduardo Carranza Sala Infantil 06/29/2023   P AND SG00730 06/29/2023 Ej.1 06/29/2023 Libro Infantil        
  Clasificación Local Facetada     Infantil Biblioteca Pública Acacias - Carlos María Hernández Rojas Biblioteca Pública Acacias - Carlos María Hernández Rojas Sala Infantil 09/11/2025   P HOL4 ACA18963 09/11/2025 Ej.1 09/11/2025 LIbro        
        Colección Sala Infantil de Literatura Pocatil y Tilín Biblioteca Pública Departamental Eduardo Carranza - Villavicencio Biblioteca Pública Departamental Eduardo Carranza - Villavicencio Sala Infantil 06/07/2012   P HOL4 ECA21158 11/26/2024 Ej.1 11/26/2024 LIbro       15595 | 20325
  Dewey Decimal Classification     Sala Infantil Segundo Piso Biblioteca Pública Germán Arciniegas - Villavicencio Biblioteca Pública Germán Arciniegas - Villavicencio   12/04/2015 2 P HOL4 25150 05/02/2019 Ej. 1 12/04/2015 LIbro 27/jun/2012 04/29/2019    
  Dewey Decimal Classification     Infantil Biblioteca Pública Guamal Biblioteca Pública Guamal Sala Infantil 02/15/2023   P HOL4 GUA001282 02/15/2023 Ej.1 02/15/2023 Libro Infantil        
  Dewey Decimal Classification     Infantil Biblioteca Pública La Macarena Biblioteca Pública La Macarena Sala Infantil 04/04/2024   P HOL4 LM001126 04/04/2024 Ej.1 04/04/2024 LIbro        
  Dewey Decimal Classification     Infantil Biblioteca Pública San Juanito - Ernesto Maria Peña Romero Biblioteca Pública San Juanito - Ernesto Maria Peña Romero Sala Infantil 07/10/2024 1 P HOL4 SJU00886 07/31/2025 Ej.1 07/10/2024 LIbro   02/26/2025 1  









Instituto Departamental de Cultura del Meta - Red Departamental de Bibliotecas Públicas del Meta.